000 00711nam a2200241 a 4500
001 BRCA_4751
005 20190320204805.0
008 071010s1936----mx-a######---#000-0#spa-#
041 _aspa
044 _amx
050 4 _aND253
_b.T68 1936
100 1 _aToussaint, Manuel
_96793
245 1 0 _aLa pintura en México durante el siglo XVI
_cManuel Toussaint.
260 _aMéxico
_bImprenta Mundial
_c1936
300 _a61 p.
_bil., 51 láminas
_c23 cm.
440 0 _aEnciclopedia Ilustrada Mexicana
_912018
500 _aEstado físico: Encuadernación deteriorada
500 _aD92
504 _aBibliografía: p. 59-60
650 1 4 _aPintura
_xHistoria
_zMéxico
_912019
902 _aGFM
942 _2lcc
_cB
999 _c4449
_d4449